Top-Produzenten #1 - Statistiken

Allgemein
  • Dieses Quiz wurde 147 mal gespielt
  • Das Durchschnittsergebnis liegt bei 15 aus 20
Antwortstatistiken
Barley Land % Korrekt
2# Vereinigte Staaten
96%
1# China
91%
3# China
91%
2# Deutschland
91%
1# Brasilien
90%
1# Russland
90%
3# Frankreich
83%
5# Frankreich
83%
1# Indien
80%
2# Indien
80%
4# Indien
80%
3# Italien
78%
4# Mexiko
77%
5# Mexiko
77%
4# Kanada
73%
2# Australien
63%
5# Türkei
59%
4# Türkei
59%
3# Pakistan
54%
5# Myanmar
20%
Keine übereinstimmenden Quizze gefunden
Verteilung der Resultate
Anzahl Personen mit jedem Resultat
Perzentil nach korrekt beantworteten Fragen
Ihre Resultats-Entwicklung
Sie haben dieses Quiz noch nicht gespielt